| 000 | 00584nam a22001937a 4500 | ||
|---|---|---|---|
| 005 | 20251108164841.0 | ||
| 008 | 250721s1992 xx 000 0 ara d | ||
| 082 | 1 | 4 | _a616.8/عبد |
| 100 | 1 | _aعثمان، عبد اللطيف موسى | |
| 245 | 1 | 0 | _aالصداع و الصداع النصفي / |
| 250 | _aط3. | ||
| 264 | 1 |
_aالقاهره : _bالزهراء للإعلام العربي، _c1992. |
|
| 300 | _a109ص | ||
| 650 | 1 | 7 | _aالصداع |
| 650 | 1 | 7 | _aالجهاز العصبي |
| 650 | 1 | 7 | _aأمراض الجهاز العصبي |
| 942 |
_2ddc _cBK |
||
| 999 |
_c15859 _d15859 |
||